Cambridge primary science learner's book 6 (Record no. 490833)
[ view plain ]
| 000 -LEADER | |
|---|---|
| fixed length control field | 00347nam a22001337a 4500 |
| 020 ## - INTERNATIONAL STANDARD BOOK NUMBER | |
| International Standard Book Number | 9781107699809 |
| 082 ## - DEWEY DECIMAL CLASSIFICATION NUMBER | |
| Classification number | 500 BAX |
| 100 ## - MAIN ENTRY--PERSONAL NAME | |
| Personal name | Fiona Baxter. |
| 245 ## - TITLE STATEMENT | |
| Title | Cambridge primary science learner's book 6 |
| 260 ## - PUBLICATION, DISTRIBUTION, ETC. | |
| Place of publication, distribution, etc. | Cambridge |
| Name of publisher, distributor, etc. | Cambridge University Press |
| Date of publication, distribution, etc. | 2014 |
| 300 ## - PHYSICAL DESCRIPTION | |
| Extent | 112p. |
| Other physical details | ill; |
| 700 ## - ADDED ENTRY--PERSONAL NAME | |
| Personal name | Liz dilley, Jon Board |
| 942 ## - ADDED ENTRY ELEMENTS (KOHA) | |
| Koha item type | Book |
| Withdrawn status | Lost status | Damaged status | Not for loan | Collection code | Permanent Location | Current Location | Shelving location | Date acquired | Source of acquisition | Cost, normal purchase price | Total Checkouts | Total Renewals | Full call number | Barcode | Date last seen | Date last checked out | Price effective from | Koha item type |
|---|---|---|---|---|---|---|---|---|---|---|---|---|---|---|---|---|---|---|
| Central Library (CL) | Central Library (CL) | General Stacks | 07/18/2017 | Saeed Book Bank | 662.00 | 3 | 1 | 500 BAX | SEECS013748 | 06/15/2022 | 02/25/2021 | 07/16/2017 | Book |
